[Event "Sao Sebastiao do Paraiso op 4th"]
[Site "Sao Sebastiao do Paraiso"]
[Date "2016.12.18"]
[Round "5"]
[White "Dos Santos, Ivan Vilaca"]
[Black "Pimenta, Breno Andrade"]
[Result "1/2-1/2"]
[WhiteElo "1588"]
[BlackElo "1670"]
[PlyCount "125"]
[EventDate "2016.12.17"]
[EventType "swiss"]
[EventRounds "5"]
[EventCountry "BRA"]
[SourceTitle "CBM 176 Extra"]
[Source "ChessBase"]
[SourceDate "2017.03.02"]
[SourceVersion "1"]
[SourceVersionDate "2017.03.02"]
[SourceQuality "1"]

1. c4 Nf6 2. g3 c6 3. Bg2 d5 4. b3 g6 5. Bb2 Bg7 6. Nf3 0-0 7. 0-0 Nbd7 8. Na3 a5 9. Rc1 b6 10. Qc2 Ba6 11. d3 Rc8 12. Qb1 c5 13. cxd5 Nxd5 14. Bxg7 Kxg7 15. Rfe1 e6 16. Qb2+ Qf6 17. Qxf6+ N7xf6 18. Nc2 Rfd8 19. Nd2 Nc3 20. a4 Na2 21. Ra1 Nc3 22. Rac1 Nfd5 23. Ne4 Na2 24. Ra1 Nab4 25. Nxb4 axb4 26. Rec1 h6 27. a5 f5 28. axb6 fxe4 29. Rxa6 exd3 30. Bxd5 d2 31. Ra7+ Kf6 32. Rd1 Rxd5 33. Kg2 Rb8 34. b7 Ke7 35. Kf3 Kd7 36. Ke3 Kc7 37. Rxd2 Rxb7 38. Rxb7+ Kxb7 39. Rc2 Kc6 40. Ke4 Kd6 41. e3 Rd1 42. Rb2 e5 43. h4 Ra1 44. Rd2+ Ke6 45. Rd5 Rc1 46. Rxe5+ Kd6 47. Rd5+ Kc6 48. Rd3 c4 49. bxc4 Kc5 50. Rd5+ Kxc4 51. Rd6 Rf1 52. f3 b3 53. Rxg6 b2 54. Rb6 b1Q+ 55. Rxb1 Rxb1 56. g4 Kc5 57. Kf5 Rb3 58. f4 Rxe3 59. g5 hxg5 60. hxg5 Kd5 61. Kf6 Ke4 62. g6 Kxf4 63. g7 1/2-1/2

[Event "Sao Sebastiao do Paraiso op 4th"]
[Site "Sao Sebastiao do Paraiso"]
[Date "2016.12.17"]
[Round "2"]
[White "Pimenta, Breno Andrade"]
[Black "Resende, Lucas B Massucato"]
[Result "0-1"]
[WhiteElo "1670"]
[BlackElo "1729"]
[PlyCount "114"]
[EventDate "2016.12.17"]
[EventType "swiss"]
[EventRounds "5"]
[EventCountry "BRA"]
[SourceTitle "CBM 176 Extra"]
[Source "ChessBase"]
[SourceDate "2017.03.02"]
[SourceVersion "1"]
[SourceVersionDate "2017.03.02"]
[SourceQuality "1"]

1. d4 Nf6 2. Nf3 d5 3. c4 e6 4. Nc3 c6 5. Qb3 Bd6 6. g3 Nbd7 7. cxd5 exd5 8. Bg2 0-0 9. 0-0 Re8 10. Bg5 h6 11. Bxf6 Nxf6 12. a4 a5 13. e3 Qe7 14. Rfe1 Bf5 15. Rac1 Rab8 16. Nh4 Bh7 17. Bh3 Bb4 18. f3 Qd8 19. Bf5 Bxf5 20. Nxf5 Nh7 21. Re2 Qg5 22. Qc2 g6 23. Nh4 Rxe3 24. Rce1 Rxe2 25. Qxe2 Nf6 26. f4 Qh5 27. Qf2 Bxc3 28. bxc3 Ne4 29. Qc2 Qg4 30. Kg2 Qe6 31. c4 Qf6 32. cxd5 cxd5 33. Nf3 Qc6 34. Qb3 Rc8 35. Re2 Qc4 36. Qb2 f6 37. Ne1 Qb4 38. Qa2 Nc3 39. Qc2 Kf7 40. Re3 Qxd4 41. Rd3 Qc4 42. Nf3 Rc7 43. Rd4 Qc5 44. Nh4 Ne4 45. Qxc5 Rxc5 46. f5 g5 47. Nf3 h5 48. Ne1 Ke7 49. h4 g4 50. Nd3 Rc2+ 51. Kg1 Nxg3 52. Rxd5 Ne4 53. Nf4 Rc5 54. Ng6+ Ke8 55. Rd4 Ng3 56. Rd6 Rxf5 57. Rb6 Kf7 0-1

[Event "BRA-ch Amateur U1800"]
[Site "Sao Paulo"]
[Date "2016.05.27"]
[Round "4"]
[White "Pimenta, Breno Andrade"]
[Black "Cardoso, Marcio de Lucca"]
[Result "0-1"]
[WhiteElo "1675"]
[BlackElo "1799"]
[PlyCount "142"]
[EventDate "2016.05.26"]
[EventType "swiss"]
[EventRounds "7"]
[EventCountry "BRA"]
[SourceTitle "EXT 2019"]
[Source "ChessBase"]
[SourceDate "2018.10.10"]
[SourceVersion "1"]
[SourceVersionDate "2018.10.10"]
[SourceQuality "1"]

1. d4 Nf6 2. Nf3 g6 3. g3 Bg7 4. Bg2 0-0 5. 0-0 d5 6. Nbd2 c6 7. b3 Nbd7 8. Bb2 Re8 9. c4 e6 10. Qc2 b6 11. Rac1 Ba6 12. Rfe1 Rc8 13. e3 c5 14. Qb1 cxd4 15. Bxd4 dxc4 16. Nxc4 Bxc4 17. Rxc4 Rxc4 18. bxc4 Qc7 19. Rc1 Rc8 20. Qb5 Ne8 21. Bxg7 Kxg7 22. Qb2+ Kg8 23. Qd4 Nef6 24. Nd2 e5 25. Qb2 Nc5 26. Qc2 Qd6 27. Ne4 Ncxe4 28. Bxe4 Qc5 29. Bd3 Qc6 30. Qb3 Nd7 31. Be2 Nc5 32. Qb5 Qc7 33. Rd1 Rd8 34. Qb1 e4 35. Rd4 Rd7 36. Qd1 f5 37. Rd5 Qd8 38. Qd4 Kf7 39. f3 Rxd5 40. cxd5 Qf6 41. Qxf6+ Kxf6 42. f4 Ke7 43. Bc4 Kd6 44. Kf2 Nd7 45. Ke2 Nf6 46. h3 Nxd5 47. a3 b5 48. Bb3 a5 49. Kd2 Kc5 50. Ba2 h6 51. h4 Ne7 52. Kc3 b4+ 53. axb4+ axb4+ 54. Kd2 Kb5 55. Bb3 Ka5 56. Kc2 Kb5 57. Kd2 Kc5 58. Bf7 Kd6 59. Kc2 Nd5 60. Kd2 b3 61. Bxg6 b2 62. Kc2 Nxe3+ 63. Kxb2 Ke6 64. Bh5 Nf1 65. g4 Ng3 66. gxf5+ Kxf5 67. Be8 e3 68. Kc2 Kxf4 69. Kd3 Kf3 70. Bc6+ Kf2 71. Bb5 e2 0-1

[Event "Sao Sebastiao IRT op"]
[Site "Sao Sebastiao do Paraiso"]
[Date "2016.02.14"]
[Round "5.10"]
[White "Pimenta, Breno Andrade"]
[Black "Reis, Carlos Alberto Gonc"]
[Result "1/2-1/2"]
[WhiteElo "1671"]
[BlackElo "1579"]
[PlyCount "72"]
[EventDate "2016.02.13"]
[EventType "swiss"]
[EventRounds "5"]
[EventCountry "BRA"]
[SourceTitle "EXT 2022"]
[Source "ChessBase"]
[SourceDate "2021.10.06"]
[SourceVersion "1"]
[SourceVersionDate "2021.10.06"]
[SourceQuality "1"]

1. d4 Nf6 2. c4 g6 3. Nf3 Bg7 4. Nc3 d6 5. g3 Bg4 6. Bg2 Bxf3 7. Bxf3 c6 8. e4 0-0 9. 0-0 Nfd7 10. Be3 Qc7 11. Rc1 a6 12. Qd2 c5 13. Nd5 Qd8 14. dxc5 e6 15. Nb6 Nxb6 16. cxb6 Nc6 17. Rfd1 Qf6 18. Bg2 Qxb2 19. Qxb2 Bxb2 20. Rb1 Ba3 21. Rb3 Bc5 22. Bxc5 dxc5 23. Rd7 Rab8 24. f4 Rfd8 25. Rbd3 Nd4 26. Rxd8+ Rxd8 27. Kf2 Rd6 28. e5 Rxb6 29. Rd2 Rb4 30. Ke3 b5 31. cxb5 axb5 32. Kd3 Ra4 33. Bf1 Ra3+ 34. Ke4 b4 35. Bc4 Rc3 36. Ba6 Kf8 1/2-1/2

[Event "Batatais 1st"]
[Site "Batatais"]
[Date "2015.11.02"]
[Round "7.1"]
[White "Da Rocha, Eugenio Gabriel"]
[Black "Pimenta, Breno Andrade"]
[Result "1/2-1/2"]
[WhiteElo "1616"]
[BlackElo "1687"]
[PlyCount "50"]
[EventDate "2015.10.31"]
[EventType "tourn"]
[EventRounds "9"]
[EventCountry "BRA"]
[SourceTitle "EXT 2022"]
[Source "ChessBase"]
[SourceDate "2021.10.06"]
[SourceVersion "1"]
[SourceVersionDate "2021.10.06"]
[SourceQuality "1"]

1. e4 e5 2. Nf3 Nc6 3. Bc4 Be7 4. d3 d6 5. h3 Nf6 6. Nc3 Na5 7. Bb3 Nxb3 8. axb3 c5 9. Ne2 0-0 10. Ng3 h6 11. Be3 Nh7 12. Qd2 f5 13. exf5 Bxf5 14. Nxf5 Rxf5 15. Ra4 h5 16. 0-0 b5 17. Ra2 Qd7 18. Rfa1 Rxf3 19. gxf3 Qxh3 20. Rxa7 Re8 21. Ra8 Bd8 22. R1a7 Qxf3 23. Bh6 gxh6 24. Qxh6 Qg4+ 25. Kf1 Qd1+ 1/2-1/2

[Event "Batatais 1st"]
[Site "Batatais"]
[Date "2015.11.01"]
[Round "5.1"]
[White "De Sousa Silva, Lucas Jose"]
[Black "Pimenta, Breno Andrade"]
[Result "1-0"]
[WhiteElo "1690"]
[BlackElo "1687"]
[PlyCount "105"]
[EventDate "2015.10.31"]
[EventType "tourn"]
[EventRounds "9"]
[EventCountry "BRA"]
[SourceTitle "EXT 2022"]
[Source "ChessBase"]
[SourceDate "2021.10.06"]
[SourceVersion "1"]
[SourceVersionDate "2021.10.06"]
[SourceQuality "1"]

1. e4 c5 2. d4 cxd4 3. c3 Nc6 4. cxd4 d5 5. e5 e6 6. Nf3 Bb4+ 7. Bd2 Qb6 8. Bxb4 Qxb4+ 9. Qd2 Nge7 10. Nc3 Nf5 11. Bb5 Bd7 12. Bxc6 Bxc6 13. Ne2 Qb6 14. 0-0 Bb5 15. Rae1 Rc8 16. Qb4 Bxe2 17. Qxb6 axb6 18. Rxe2 Rc4 19. Rd2 0-0 20. b3 Rc6 21. Rfd1 Rfc8 22. Ng5 h6 23. Nh3 g5 24. g3 b5 25. Kg2 b4 26. Ng1 g4 27. Ne2 Rc2 28. Nf4 R8c6 29. Nh5 Rc1 30. Rxc1 Rxc1 31. Nf6+ Kg7 32. Nxg4 Re1 33. Nf6 Ne7 34. Nd7 Rc1 35. Nc5 b6 36. Nd7 Nc8 37. Nb8 Na7 38. Nd7 Nc8 39. Kf3 Rc7 40. Nf6 Rc1 41. Kg4 Na7 42. Kh5 Nb5 43. Ng4 Nc3 44. Nxh6 Ra1 45. Rd3 Rxa2 46. Rf3 Ra7 47. Rf4 Ne2 48. Rg4+ Kf8 49. Kg5 Ke7 50. Ng8+ Kd7 51. h4 Nc1 52. h5 Ra8 53. Kf6 1-0

[Event "Batatais 1st"]
[Site "Batatais"]
[Date "2015.11.01"]
[Round "4.1"]
[White "Pimenta, Breno Andrade"]
[Black "Nunes da Silva, Diego"]
[Result "1-0"]
[WhiteElo "1687"]
[BlackElo "1573"]
[PlyCount "63"]
[EventDate "2015.10.31"]
[EventType "tourn"]
[EventRounds "9"]
[EventCountry "BRA"]
[SourceTitle "EXT 2022"]
[Source "ChessBase"]
[SourceDate "2021.10.06"]
[SourceVersion "1"]
[SourceVersionDate "2021.10.06"]
[SourceQuality "1"]

1. e4 e5 2. Nf3 Nc6 3. d4 exd4 4. Bc4 Bb4+ 5. c3 dxc3 6. bxc3 Bc5 7. Bxf7+ Kxf7 8. Qd5+ Ke8 9. Qxc5 Qe7 10. Qe3 Nf6 11. Nbd2 d6 12. 0-0 Ng4 13. Qe2 Nce5 14. Nd4 Qh4 15. h3 Nf6 16. f4 Ng6 17. N2f3 Qg3 18. Nf5 Bxf5 19. exf5+ Ne7 20. Re1 Nfg8 21. Qb5+ Kd8 22. Qxb7 Rc8 23. Qe4 Kd7 24. Qe6+ Kd8 25. Ng5 Qxc3 26. Nf7+ Ke8 27. Nxh8 Rb8 28. Qxg8+ Kd7 29. Qe6+ Kc6 30. Be3 Rb2 31. Rac1 Rc2 32. Rxc2 1-0

[Event "Batatais 1st"]
[Site "Batatais"]
[Date "2015.11.01"]
[Round "6.1"]
[White "Pimenta, Breno Andrade"]
[Black "Resende, Lucas B Massucato"]
[Result "1-0"]
[WhiteElo "1687"]
[BlackElo "1663"]
[PlyCount "72"]
[EventDate "2015.10.31"]
[EventType "tourn"]
[EventRounds "9"]
[EventCountry "BRA"]
[SourceTitle "EXT 2022"]
[Source "ChessBase"]
[SourceDate "2021.10.06"]
[SourceVersion "1"]
[SourceVersionDate "2021.10.06"]
[SourceQuality "1"]

1. e4 e6 2. d4 d5 3. Nd2 c5 4. Ngf3 Nc6 5. c3 Qb6 6. exd5 exd5 7. Nb3 c4 8. Nbd2 Nf6 9. b3 cxb3 10. axb3 Be7 11. Bd3 Bg4 12. 0-0 0-0 13. Re1 Rfe8 14. Qc2 Bh5 15. Ne5 Rac8 16. Qb2 Bd6 17. Ndf3 Bxf3 18. Nxf3 Rxe1+ 19. Nxe1 Re8 20. Be3 Qc7 21. Nf3 a6 22. h3 Bf4 23. Re1 Bxe3 24. Rxe3 Rxe3 25. fxe3 Qe7 26. Qc1 Na5 27. Bc2 Ne4 28. Qe1 Qc7 29. c4 b6 30. Bxe4 dxe4 31. Nd2 f5 32. Qc1 Qg3 33. Nf1 Qd6 34. c5 bxc5 35. dxc5 Qb8 36. Nd2 Nxb3 1-0

[Event "Ribeirao Preto Recra Chess 1st"]
[Site "Ribeirao Preto"]
[Date "2015.10.25"]
[Round "5.6"]
[White "Pimenta, Breno Andrade"]
[Black "Lanchoti, Edivaldo"]
[Result "1-0"]
[WhiteElo "1676"]
[BlackElo "1852"]
[PlyCount "116"]
[EventDate "2015.10.24"]
[EventType "swiss"]
[EventRounds "5"]
[EventCountry "BRA"]
[SourceTitle "EXT 2022"]
[Source "ChessBase"]
[SourceDate "2021.10.06"]
[SourceVersion "1"]
[SourceVersionDate "2021.10.06"]
[SourceQuality "1"]

1. e4 d6 2. d4 Nf6 3. Bd3 g6 4. f4 e6 5. Nf3 Bg7 6. 0-0 0-0 7. c4 Nc6 8. Nc3 Ng4 9. h3 Nf6 10. Be3 Nh5 11. Rc1 a6 12. Qd2 Nb4 13. Bb1 a5 14. e5 d5 15. a3 Nc6 16. cxd5 exd5 17. Ba2 Ne7 18. Nb5 c6 19. Nd6 Ng3 20. Rfe1 Nef5 21. Nxf5 Nxf5 22. Bf2 Be6 23. g4 Nh6 24. Be3 Qc8 25. f5 Nxf5 26. gxf5 Bxf5 27. h4 Bh3 28. Kh2 h5 29. Rg1 Bg4 30. Rcf1 f6 31. Bh6 fxe5 32. Bxg7 Kxg7 33. Nxe5 Qe6 34. Bb1 Rf6 35. Qg2 Raf8 36. Rxf6 Rxf6 37. Nxg4 hxg4 38. Qxg4 Rf2+ 39. Kh1 Qxg4 40. Rxg4 Kh6 41. Rxg6+ Kh5 42. Rg2 Rf4 43. Bg6+ Kxh4 44. Rd2 Kg3 45. Kg1 Rh4 46. Kf1 Kf3 47. Rd3+ Kf4 48. Ke1 Rh1+ 49. Kd2 Rh2+ 50. Kc3 Rh6 51. Be8 Rh2 52. Bd7 Ke4 53. Rh3 Rf2 54. Bc8 b6 55. Bb7 Rf6 56. Rh4+ Kf5 57. Rh1 Rd6 58. Re1 Kf4 1-0

[Event "Ribeirao Preto Recra Chess 1st"]
[Site "Ribeirao Preto"]
[Date "2015.10.24"]
[Round "1.8"]
[White "Pimenta, Breno Andrade"]
[Black "Nunes, Guilherme Sacardo T"]
[Result "1-0"]
[WhiteElo "1676"]
[BlackElo "1800"]
[PlyCount "63"]
[EventDate "2015.10.24"]
[EventType "swiss"]
[EventRounds "5"]
[EventCountry "BRA"]
[SourceTitle "EXT 2022"]
[Source "ChessBase"]
[SourceDate "2021.10.06"]
[SourceVersion "1"]
[SourceVersionDate "2021.10.06"]
[SourceQuality "1"]

1. e4 e5 2. Nf3 Nc6 3. Nc3 Nf6 4. d4 d6 5. dxe5 dxe5 6. Qxd8+ Kxd8 7. Bg5 Be7 8. 0-0-0+ Ke8 9. h3 h6 10. Be3 Be6 11. Bb5 Rd8 12. Nxe5 Bd7 13. Nxd7 Nxd7 14. Bxc6 bxc6 15. Bxa7 Bg5+ 16. Kb1 Ne5 17. h4 Bd2 18. Ne2 Ba5 19. Bd4 f6 20. Nf4 Kf7 21. Bxe5 fxe5 22. Nd3 Rb8 23. Nxe5+ Ke6 24. Nxc6 Rb5 25. Nd4+ Kf7 26. Nxb5 c6 27. Nd6+ Kg6 28. Nc4 Bc7 29. Rd7 Bb8 30. Rhd1 Bh2 31. g3 Rf8 32. R1d2 1-0

[Event "BRA-ch Amateur"]
[Site "Sao Paulo"]
[Date "2015.04.01"]
[Round "3"]
[White "Sato, Leticia Miho"]
[Black "Pimenta, Breno Andrade"]
[Result "1-0"]
[WhiteElo "1403"]
[BlackElo "1686"]
[PlyCount "47"]
[EventDate "2015.04.30"]
[EventType "swiss"]
[EventRounds "7"]
[EventCountry "BRA"]
[SourceTitle "EXT 2022"]
[Source "ChessBase"]
[SourceDate "2021.10.06"]
[SourceVersion "1"]
[SourceVersionDate "2021.10.06"]
[SourceQuality "1"]

1. d4 Nf6 2. Nf3 g6 3. Bf4 Bg7 4. e3 d5 5. h3 0-0 6. c4 c6 7. Bd3 dxc4 8. Bxc4 Qb6 9. Qb3 Nbd7 10. Nbd2 Qxb3 11. Bxb3 Nb6 12. a3 Bf5 13. 0-0 Rac8 14. Rac1 Bd3 15. Rfe1 Rfd8 16. Ne5 Ba6 17. Nxf7 Re8 18. Nd6+ e6 19. Nxc8 Nxc8 20. Be5 Kf7 21. Bxf6 Bxf6 22. Ne4 Be7 23. Red1 Bf8 24. Ng5+ 1-0

[Event "Batatais III IRT Classic"]
[Site "Batatais"]
[Date "2015.03.29"]
[Round "4.6"]
[White "Lopes, Edson"]
[Black "Pimenta, Breno Andrade"]
[Result "0-1"]
[WhiteElo "1605"]
[BlackElo "1696"]
[PlyCount "49"]
[EventDate "2015.03.28"]
[EventType "swiss"]
[EventRounds "5"]
[EventCountry "BRA"]
[SourceTitle "EXT 2022"]
[Source "ChessBase"]
[SourceDate "2021.10.06"]
[SourceVersion "1"]
[SourceVersionDate "2021.10.06"]
[SourceQuality "1"]

1. e4 e6 2. Nf3 d5 3. exd5 exd5 4. d3 Nf6 5. Be2 h6 6. 0-0 Bd6 7. h3 Nc6 8. Re1 Be6 9. Nc3 Qd7 10. Nb5 0-0-0 11. Be3 a6 12. Nbd4 Ne7 13. Nxe6 fxe6 14. Nd4 e5 15. Nb3 d4 16. Bd2 g5 17. Bf3 Rdg8 18. Na5 c6 19. Nc4 Kb8 20. Nxe5 Bxe5 21. Rxe5 Ng6 22. Re1 Nf4 23. Bg4 Qd5 24. Bxf4+ gxf4 25. Be6 0-1

[Event "Ribeirao Preto Batatais op"]
[Site "Ribeirao Preto"]
[Date "2015.03.01"]
[Round "4"]
[White "Rogani, Bruno"]
[Black "Pimenta, Breno Andrade"]
[Result "1-0"]
[WhiteElo "1889"]
[BlackElo "1696"]
[PlyCount "57"]
[EventDate "2015.02.28"]
[EventType "swiss"]
[EventRounds "5"]
[EventCountry "BRA"]
[SourceTitle "CBM 165 Extra"]
[Source "ChessBase"]
[SourceDate "2015.04.21"]
[SourceVersion "1"]
[SourceVersionDate "2015.04.21"]
[SourceQuality "1"]

1. e4 c5 2. Nf3 Nc6 3. d4 cxd4 4. Nxd4 Nf6 5. Nc3 e6 6. Ndb5 d6 7. Bf4 e5 8. Bg5 a6 9. Bxf6 gxf6 10. Na3 Be6 11. Bc4 Bxc4 12. Nxc4 b5 13. Ne3 Ne7 14. 0-0 Ng6 15. Ncd5 Bg7 16. Nf5 0-0 17. Nde3 Qa5 18. Nxg7 Kxg7 19. Qxd6 Nf4 20. Nf5+ Kg6 21. Qd1 h5 22. g3 Nh3+ 23. Kg2 Ng5 24. Ne7+ Kg7 25. Nf5+ Kg6 26. Ne7+ Kg7 27. Qxh5 Qb4 28. Nf5+ Kg8 29. Rae1 1-0

[Event "Batatais op 3rd"]
[Site "Batatais"]
[Date "2013.12.21"]
[Round "4"]
[White "Pimenta, Breno Andrade"]
[Black "De Oliveira, Francemir Barra"]
[Result "0-1"]
[WhiteElo "1739"]
[BlackElo "1795"]
[PlyCount "72"]
[EventDate "2013.12.20"]
[EventType "swiss"]
[EventRounds "6"]
[EventCountry "BRA"]
[SourceTitle "CBM 158 Extra"]
[Source "ChessBase"]
[SourceDate "2014.02.28"]
[SourceVersion "1"]
[SourceVersionDate "2014.02.28"]
[SourceQuality "1"]

1. d4 e5 2. d5 Nf6 3. c4 a6 4. Nc3 Bc5 5. e4 d6 6. h3 0-0 7. Bg5 Nbd7 8. Qd2 Rb8 9. Nf3 Re8 10. Bd3 Nf8 11. 0-0-0 Bd7 12. g4 b5 13. Nh4 b4 14. Nb1 Ba4 15. b3 Bd7 16. Nf5 a5 17. Bh4 Ng6 18. Bxf6 Qxf6 19. g5 Qd8 20. h4 a4 21. Bc2 axb3 22. Bxb3 Ra8 23. h5 Nf4 24. f3 Ba4 25. g6 fxg6 26. hxg6 Nxg6 27. Rxh7 Kxh7 28. Rh1+ Kg8 29. Qh2 Qg5+ 30. Nd2 Kf7 31. Qh7 Nf8 32. Qh8 Bxb3 33. Rh5 Qg1+ 34. Kb2 Rxa2+ 35. Kxb3 Ra3+ 36. Kb2 Qa1+ 0-1

[Event "BRA-ch Amateur"]
[Site "Sao Paulo"]
[Date "2013.02.11"]
[Round "5"]
[White "Pimenta, Breno Andrade"]
[Black "Pertuzatti, Daniel"]
[Result "0-1"]
[WhiteElo "1748"]
[BlackElo "2014"]
[PlyCount "60"]
[EventDate "2013.02.09"]
[EventType "swiss"]
[EventRounds "7"]
[EventCountry "BRA"]
[SourceTitle "CBM 152 Extra"]
[Source "ChessBase"]
[SourceDate "2013.02.25"]
[SourceVersion "1"]
[SourceVersionDate "2013.02.25"]
[SourceQuality "1"]

1. d4 f5 2. Nf3 Nf6 3. g3 e6 4. Bg2 Be7 5. 0-0 0-0 6. b3 Qe8 7. Bb2 Qh5 8. c4 d6 9. Nbd2 g5 10. Qc2 Ng4 11. h3 Nh6 12. Nh2 Na6 13. e4 f4 14. g4 Qg6 15. f3 c6 16. Rfe1 Nf7 17. Bf1 h5 18. a3 hxg4 19. Nxg4 Nh6 20. Re2 Nxg4 21. hxg4 e5 22. dxe5 dxe5 23. Bxe5 Bc5+ 24. Kh1 Rf7 25. Rh2 Rh7 26. Nb1 Be6 27. Ra2 Rd8 28. Qc1 Bxg4 29. Qc3 Rd1 30. Rxh7 Rxf1+ 0-1

[Event "Batatais op 2nd"]
[Site "Batatais"]
[Date "2011.12.16"]
[Round "1"]
[White "Pimenta, Breno Andrade"]
[Black "Molina, Roberto Junio Brito"]
[Result "0-1"]
[WhiteElo "1756"]
[BlackElo "2418"]
[PlyCount "68"]
[EventDate "2011.12.16"]
[EventType "swiss"]
[EventRounds "6"]
[EventCountry "BRA"]
[SourceTitle "EXT 2013"]
[Source "ChessBase"]
[SourceDate "2012.11.22"]
[SourceVersion "1"]
[SourceVersionDate "2012.11.22"]
[SourceQuality "1"]

1. d4 Nf6 2. c4 g6 3. Nf3 Bg7 4. Nc3 d5 5. g3 0-0 6. cxd5 Nxd5 7. Bg2 Nb6 8. 0-0 Nc6 9. a4 a5 10. Nb5 Nb4 11. Bf4 N6d5 12. Qc1 Nxf4 13. Qxf4 c6 14. Nc3 Be6 15. e3 h6 16. Nd2 Qd7 17. Be4 Bg4 18. Bf3 Bh3 19. Bg2 Bxg2 20. Kxg2 e5 21. Qf3 exd4 22. exd4 Qxd4 23. Rfd1 Rad8 24. Nde4 Qe5 25. Rxd8 Rxd8 26. Rd1 Rxd1 27. Qxd1 Nd5 28. Qb3 Nxc3 29. Nxc3 Qe7 30. Qb6 Bxc3 31. bxc3 Qe4+ 32. Kh3 Qxa4 33. Qd8+ Kg7 34. Qd6 Qe4 0-1